| 000 | 00960nam a2200241 a 4500 | ||
|---|---|---|---|
| 003 | BD-DhJNU | ||
| 005 | 20260512043421.0 | ||
| 008 | 260508s2022 bg |||g |||| 000 1|ben|d | ||
| 020 | _a9789848800751 | ||
| 040 |
_aBD-DhJNU _bben _cBD-DhJNU _dBD-DhJNU |
||
| 041 | _aben | ||
| 082 |
_a891.443 BAD _223 |
||
| 100 | _aবন্দ্যোপাধ্যায়, বিভূতিভূষণ | ||
| 245 | 1 | 0 |
_aদেবযান / _cবিভূতিভূষণ বন্দ্যোপাধ্যায় |
| 246 | _aDebjan | ||
| 250 | _a1st ed. | ||
| 260 |
_aঢাকা : _bঅবসর প্রকাশনা সংস্থা, _c2022. |
||
| 300 |
_a২৬০ পৃ. : _bচিত্র ; _c২২ সেমি.। |
||
| 504 | _aগ্রন্থপঞ্জিগত নির্দেশিকা অন্তভূক্ত | ||
| 650 | _aবাংলা কথাসাহিত্য | ||
| 650 | _aBengali fiction | ||
| 942 | _cBK | ||
| 999 |
_c2789 _d2789 |
||